000 01081nam a22002297a 4500
003 OSt
005 20250912153837.0
008 240208b ||||| |||| 00| 0 eng d
040 _c0
082 _aDPer 621.381 In821 April 2022 v. 37 n. 4
100 _aGolestan, Saeed.
_eauthor.
_952059
245 _aImpedance modeling of three-phase grid-connected voltage source converters with frequency-locked-loop-based synchronization algorithms /
_cSaeed Golestan, Josep M. Guerrero, Yusuf Al-Turki, Juan C. Vasquez, and Abdullah M. Abusorrah.
260 _aNew York ;
_bThe Institute of Electrical and Electronics Engineers, Inc. ,
_cApril 2022.
300 _aVolume 37, pages 4511-4525 :
_billustration ;
_c28 cm.
500 _aIEEE Transaction on Power Electronics, vol. 37, no. 4, pages 4511-4525, April 2022.
700 _aGolestan, Saeed.
_eauthor.
_952059
700 _aGuerrero, Josep M.
_eauthor.
_952060
700 _aAl-Turki, Yusuf.
_eauthor.
_952061
700 _aVasquez, Juan C.
_eauthor.
_952062
700 _aAbusorrah, Abdullah M.
_eauthor.
_952063
942 _2ddc
_cPER
999 _c19051
_d19051